000 00812ckc a22002295a 4500
001 L141692
008 071213i19381950xxk eng u
035 _a(Sirsi) u141692
041 0 _aeng
110 2 _aBassano and Vandyk
_95480
245 0 1 _a[Photograph and photographs of a portrait of Richard Melsome Woolley]
_h[graphic]
260 _cca. 1938-1950
300 _a3 photographs
_bb&w
_c29 x 23 cm., or smaller
340 _aPhotograph
351 _cFonds
500 _aCollection includes two copies of a photograph of a portrait of Major M. Woolley, who was President of the Auctioneers' and Estate Agents' Institute from 1938-9.
600 1 4 _aWoolley, Richard Melsome
_cMajor
651 4 _aUnited Kingdom
_y
690 _aABOUT RICS-RELATED ORGANISATIONS
710 2 _aLaib, Paul
942 _n0
999 _c116755
_d116755